Directory of social science information courses = Répertoire des cours d'information dans les sciences sociales = Repertorio de cursos en información en ciencias sociales /

Bibliographic Details
Corporate Authors: Unesco. Social and Human Sciences Documentation Centre, International Federation for Documentation. Social Science Information and Documentation Committee
Format: Book
Language:English
Published: New York, NY, USA : Paris, France : Berg Publishers ; Unesco ; 1988.
Edition:1st ed.
Series:World social science information directories.
Subjects:

MARC

Tag First Indicator Second Indicator Subfields
LEADER 00000cam a22000008a 4500
001 in00000016895
005 20151007053327.0
008 880104s1988 nyu rb 00100 eng
010 |a  87038103  
020 |a 0854961569 :  |c $45.00 (est.) 
035 |a (OCoLC)17354145 
035 |9 AAB1234AM 
040 |a DLC  |c DLC  |d TXA  |d UtOrBLW 
049 |a TXAM  |c [A11488894] 
050 0 0 |a H61.9  |b .D57 1988 
082 0 |a 300/.7/1  |2 19 
245 0 0 |a Directory of social science information courses =  |b Répertoire des cours d'information dans les sciences sociales = Repertorio de cursos en información en ciencias sociales /  |c prepared at Unesco by the Social and Human Sciences Documentation Centre and the Social sciences Information and Documentation Committee of the International Federation for Documentation. 
246 3 1 |a Répertoire des cours d'information dans les sciences sociales 
246 3 1 |a Repertorio de cursos en información en ciencias sociales  
250 |a 1st ed. 
263 |a 8803 
264 1 |a New York, NY, USA :  |b Berg Publishers ;  |a Paris, France :  |b Unesco ;   |c 1988. 
264 2 |a New York :  |b Distributed exclusively in the U.S. and Canada by St. Martin's Press, 
300 |a xxxii, 167 pages 
336 |a text  |b txt  |2 rdacontent 
337 |a unmediated  |b n  |2 rdamedia 
338 |a volume  |b nc  |2 rdacarrier 
490 1 |a World social science information directories 
500 |a Includes indexes. 
650 0 |a Social sciences  |x Information services  |x Study and teaching  |x Directories. 
710 2 |a Unesco.  |b Social and Human Sciences Documentation Centre. 
710 2 |a International Federation for Documentation.  |b Social Science Information and Documentation Committee. 
740 0 |a Répertoire des cours d'information dans les sciences sociales. 
740 0 |a Repertorio de cursos en información en ciencias sociales. 
830 0 |a World social science information directories. 
999 |a MARS 
999 f f |s 8c9b9f8d-aa8f-322f-aacf-c7ad1da56702  |i 7de0d43d-8de0-36e2-a3bd-62fe71785a6e  |t 0 
952 f f |p ric  |a Texas A&M University  |b Rellis Campus  |c Joint Library Facility  |d Remote Storage  |t 0  |e H61.9 .D57 1988  |h Library of Congress classification  |i unmediated -- volume  |m A14811488894 
998 f f |a H61.9 .D57 1988  |t 0  |l Remote Storage